000 00382pam a2200157a 44500
008 230515b2010 xxu||||| |||| 00| 0 eng d
020 _aNULL
041 _aENGLISH
082 _a001.424 RAT
100 _a SEN P RATHINDRA
245 _aOPERATIONS RESEARCH ALGORITHMS AND APPLICATIONS
250 _a1
260 _aDELHI
_bPRENTICE HALL
_c2010
300 _a789
650 _aNULL
999 _c642509
_d642509